000 00388nam a2200145Ia 4500
008 230519s9999 xx 000 0 und d
020 _a978-8123927-16-9
041 _aeng
082 _aF/603/D'S/DB0890
100 _aD'Souza Jacintha
245 _aCBS Dictionary For Nurses
260 _bCBS Publishers & Distributors
_aNew Delhi
_c2017
300 _a837p
999 _c159495
_d159495